Programming languages useful in teaching subjects of actuaries (part 1 - C, C++ and Java languages)

Stručná charakteristika historického vývoja vybraných programovacích jazykov použiteľných v aktuárstve. V jej prvej časti sa autori zameriavajú na jazyky C, C++ a Java. Kedy, za akých okolností postupne vznikali a ktoré z nich súviseli aj s vývojom operačných systémov v tom období.

Salvato in:
Dettagli Bibliografici
Autore principale: Simonka, Zsolt, 1974-
Altri autori: Strešňáková, Anna, 1976-
Natura: Capitolo di libro
Lingua:slovacco
Soggetti:
Tags: Aggiungi Tag
Nessun Tag, puoi essere il primo ad aggiungerne!!

MARC

LEADER 00000nla a2200000 4500
001 0236848
005 20240502073828.4
041 0 |a slo 
044 |a SK 
245 1 0 |a Programming languages useful in teaching subjects of actuaries (part 1 - C, C++ and Java languages)  |c Zsolt Simonka, Anna Strešňáková 
520 |a Stručná charakteristika historického vývoja vybraných programovacích jazykov použiteľných v aktuárstve. V jej prvej časti sa autori zameriavajú na jazyky C, C++ a Java. Kedy, za akých okolností postupne vznikali a ktoré z nich súviseli aj s vývojom operačných systémov v tom období. 
610 2 0 |a jazyky programovacie 
610 2 0 |a programovanie 
610 2 0 |a aktuári 
100 1 |a Simonka, Zsolt, 1974- 
700 1 |a Strešňáková, Anna, 1976-